000 00319nam a2200133 4500
999 _c510079
_d510079
008 190723b ||||| |||| 00| 0 eng d
100 _aSingh, Jatinder
_97263
245 _aUnleashing youth power for development
260 _c2019
300 _ap.32-34.
773 _aYojana
906 _aYouth
942 _2ddc
_cAR